00237 a2200121 4500001000700000020001800007040001100025100001900036240002500055245002000080300000600100362000900106190465 a1-904606-67-9 cMagnum aSmith, Kathryn10aWho lives here?lING10aWho lives here? a80 a2005